000
00253pab a2200109 454500
008
180718b xxu||||| |||| 00| 0 eng d
100
_a
Khosla, G.S
245
_a
Railways: three smouldering issues
650
_a
Railways
773
_a
Patriot
909
_a
21887
999
_c
21887
_d
21887